[Event "Mar del Plata op 53rd"]
[Site "Mar del Plata"]
[Date "2024.03.23"]
[Round "1"]
[White "Felgaer, Ruben Alejandro"]
[Black "Barreira Vesco, Ulises"]
[Result "1-0"]
[WhiteElo "2565"]
[BlackElo "1858"]
[PlyCount "51"]
[EventDate "2024.03.23"]
[EventType "swiss"]
[EventRounds "9"]
[EventCountry "ARG"]
[SourceTitle "CB14_2024"]
[SourceDate "2024.04.01"]
[SourceVersion "1"]
[SourceVersionDate "2024.04.01"]
[SourceQuality "1"]

1. e4 d5 2. exd5 Nf6 3. d4 Bg4 4. f3 Bf5 5. Bb5+ c6 6. dxc6 Nxc6 7. Ne2 e6 8. 0-0 Qb6 9. Nbc3 Be7 10. Be3 Rd8 11. Qc1 Qa5 12. a3 a6 13. Ba4 b5 14. Bb3 h6 15. d5 exd5 16. Nd4 Nxd4 17. Bxd4 Be6 18. Qe3 Rb8 19. f4 Kf8 20. f5 Bd7 21. Nxd5 Nxd5 22. Qe5 Nf6 23. Qxb8+ Be8 24. Rfe1 Qd2 25. Rad1 Qg5 26. Rxe7 1-0

[Event "Gualeguaychu Baggio Cup"]
[Site "Gualeguaychu"]
[Date "2019.11.10"]
[Round "5"]
[White "Roko, Tomas"]
[Black "Barreira Vesco, Ulises"]
[Result "0-1"]
[WhiteElo "1409"]
[BlackElo "1766"]
[PlyCount "118"]
[EventDate "2019.11.08"]
[EventType "swiss"]
[EventRounds "6"]
[EventCountry "ARG"]
[SourceTitle "EXT 2021"]
[Source "ChessBase"]
[SourceDate "2020.10.23"]
[SourceVersion "1"]
[SourceVersionDate "2020.10.23"]
[SourceQuality "1"]

1. d4 c5 2. e3 g6 3. Bd3 Bg7 4. Nf3 Nc6 5. c3 cxd4 6. exd4 d5 7. 0-0 Bg4 8. h3 Bxf3 9. Qxf3 Nf6 10. Bf4 0-0 11. Nd2 Re8 12. Be5 Nxe5 13. dxe5 Nd7 14. e6 fxe6 15. Qg4 Qb6 16. Nb3 Ne5 17. Qe2 Nxd3 18. Qxd3 Rad8 19. Kh1 e5 20. Rad1 e6 21. f4 e4 22. Qe2 a5 23. Nd4 a4 24. Qc2 Qa5 25. a3 Rc8 26. Kh2 Qa6 27. Rf2 Qc4 28. Qe2 Qxe2 29. Nxe2 Rf8 30. g3 Rc4 31. Kg2 b5 32. Nd4 Bxd4 33. cxd4 Rfc8 34. Re2 Kg7 35. Rdd2 h5 36. h4 Kf6 37. Kf2 Kf5 38. Re3 Kg4 39. Ree2 Rc1 40. Kg2 Rb1 41. Rc2 Rxc2 42. Rxc2 Rd1 43. f5 gxf5 44. Rf2 Rg1+ 45. Kxg1 Kxg3 46. Rg2+ Kf3 47. Rf2+ Ke3 48. Rg2 f4 49. Rg6 Ke2 50. Rxe6 e3 51. Rf6 f3 52. Rf5 f2+ 53. Kg2 Kd2 54. Rf3 Kd3 55. Kf1 Kd2 56. Kg2 Ke2 57. Rf4 Kd2 58. Rf3 e2 59. Rxf2 Kd1 0-1

[Event "Gualeguaychu Baggio Cup"]
[Site "Gualeguaychu"]
[Date "2019.11.08"]
[Round "2"]
[White "Avendano, Gaston"]
[Black "Barreira Vesco, Ulises"]
[Result "1-0"]
[WhiteElo "1900"]
[BlackElo "1766"]
[PlyCount "55"]
[EventDate "2019.11.08"]
[EventType "swiss"]
[EventRounds "6"]
[EventCountry "ARG"]
[SourceTitle "EXT 2021"]
[Source "ChessBase"]
[SourceDate "2020.10.23"]
[SourceVersion "1"]
[SourceVersionDate "2020.10.23"]
[SourceQuality "1"]

1. e4 c5 2. Nc3 g6 3. f4 Bg7 4. Nf3 Nc6 5. Bb5 Nf6 6. Bxc6 dxc6 7. 0-0 Ng4 8. Qe1 0-0 9. d3 b5 10. h3 Nf6 11. Be3 Nd7 12. Rd1 b4 13. Na4 Qa5 14. b3 Qc7 15. Qh4 f6 16. Nxc5 Nxc5 17. Bxc5 a5 18. Rde1 a4 19. e5 axb3 20. axb3 Ra2 21. exf6 Bxf6 22. Ng5 Rf7 23. Qh6 Rg7 24. Ne4 Bb2 25. d4 Qd8 26. Kh1 Qd5 27. Nf6+ exf6 28. Re8+ 1-0

[Event "ARG-ch sf Cup"]
[Site "Villaguay/Entre Rios"]
[Date "2018.12.15"]
[Round "4.9"]
[White "Presfraind, Augusto"]
[Black "Barreira Vesco, Ulises"]
[Result "1-0"]
[WhiteElo "1487"]
[BlackElo "1797"]
[PlyCount "108"]
[EventDate "2018.12.14"]
[EventType "swiss"]
[EventRounds "6"]
[EventCountry "ARG"]
[SourceTitle "EXT 2024"]
[Source "ChessBase"]
[SourceDate "2023.10.10"]
[SourceVersion "1"]
[SourceVersionDate "2023.10.10"]
[SourceQuality "1"]

1. e4 c5 2. Nc3 g6 3. g3 Bg7 4. Bg2 Nc6 5. d3 d6 6. f4 Nf6 7. Nf3 Bg4 8. h3 Bxf3 9. Qxf3 Nd4 10. Qf2 Nd7 11. 0-0 0-0 12. Nd1 Rb8 13. c3 Nc6 14. g4 b5 15. h4 b4 16. c4 Nd4 17. Rb1 a5 18. Kh1 Nf6 19. Ne3 a4 20. Bh3 e6 21. Qg2 Nd7 22. h5 Kh8 23. hxg6 fxg6 24. f5 Qh4 25. Bd2 gxf5 26. exf5 exf5 27. Nxf5 Nxf5 28. gxf5 Be5 29. Qg4 Qf6 30. b3 Rg8 31. Qh5 axb3 32. axb3 Bd4 33. Bg2 Ne5 34. Be4 Rg3 35. Bf4 Rg7 36. Rbd1 Rbg8 37. Bd5 Rc8 38. Rd2 Rb8 39. Bh6 Rg4 40. Rh2 Rd8 41. Bg5 Qg7 42. f6 Qg6 43. Qxg6 Nxg6 44. Bh6 Nf8 45. Bg7+ Rxg7 46. fxg7+ Kxg7 47. Rg2+ Ng6 48. Rf7+ Kh8 49. Rh2 Nf8 50. Rg2 Re8 51. Kh2 Ng6 52. Rgf2 Bg7 53. Be4 Ne5 54. Rb7 Rd8 1-0

[Event "Villaguay Entre Rios Cup"]
[Site "Villaguay"]
[Date "2017.12.16"]
[Round "3"]
[White "Barreira Vesco, Ulises"]
[Black "Rebot, Alejandro"]
[Result "0-1"]
[WhiteElo "1817"]
[BlackElo "1692"]
[PlyCount "58"]
[EventDate "2017.12.15"]
[EventType "swiss"]
[EventRounds "6"]
[EventCountry "ARG"]
[SourceTitle "CBM 182 Extra"]
[Source "ChessBase"]
[SourceDate "2018.02.23"]
[SourceVersion "1"]
[SourceVersionDate "2018.02.23"]
[SourceQuality "1"]

1. Nf3 d5 2. c4 e6 3. cxd5 exd5 4. g3 Nf6 5. Bg2 g6 6. 0-0 Bg7 7. d4 0-0 8. Nc3 c6 9. Bg5 Qd6 10. Qc1 Re8 11. Re1 Bg4 12. Ne5 Nbd7 13. Bf4 Qe6 14. e4 Nxe5 15. dxe5 Nxe4 16. Nxe4 dxe4 17. Rxe4 Bf5 18. Re1 f6 19. Bf1 b5 20. exf6 Qxf6 21. Rxe8+ Rxe8 22. Qc5 Be4 23. Re1 Qxb2 24. Bg2 Bd4 25. Re2 Qxe2 26. Qxd4 Bxg2 27. Kxg2 Qe4+ 28. Qxe4 Rxe4 29. a3 Rxf4 0-1

[Event "Entrerriano-ch"]
[Site "Argentina"]
[Date "2017.09.23"]
[Round "3"]
[White "Orge Aracama, Lautaro"]
[Black "Barreira Vesco, Ulises"]
[Result "1-0"]
[WhiteElo "1807"]
[BlackElo "1781"]
[PlyCount "81"]
[EventDate "2017.09.22"]
[EventType "swiss"]
[EventRounds "6"]
[EventCountry "ARG"]
[SourceTitle "CBM 180 Extra"]
[Source "ChessBase"]
[SourceDate "2017.10.06"]
[SourceVersion "1"]
[SourceVersionDate "2017.10.06"]
[SourceQuality "1"]

1. Nf3 c5 2. g3 g6 3. Bg2 Bg7 4. c4 Nc6 5. Nc3 Nf6 6. d3 d6 7. a3 Ng4 8. h3 Nge5 9. Rb1 Nxf3+ 10. Bxf3 Nd4 11. Bg2 0-0 12. Bd2 Rb8 13. b4 cxb4 14. axb4 b6 15. e3 Ne6 16. h4 h5 17. d4 Bb7 18. d5 Nc7 19. g4 hxg4 20. h5 Bc8 21. Qc2 Qe8 22. Ne2 e5 23. hxg6 fxg6 24. Ng3 Qf7 25. Bc3 Bd7 26. Be4 Bf5 27. b5 a6 28. Bb4 Rbd8 29. bxa6 Nxa6 30. Bxf5 gxf5 31. Ba3 Nc5 32. Rxb6 e4 33. Bxc5 dxc5 34. Nh5 Ra8 35. Nxg7 Qxg7 36. Rhh6 Ra1+ 37. Kd2 Qa7 38. Qc3 Ra2+ 39. Ke1 Ra1+ 40. Ke2 Qa4 41. Rh8+ 1-0

[Event "Entrerriano-ch"]
[Site "Argentina"]
[Date "2017.09.22"]
[Round "2"]
[White "Abdenur, Luciano"]
[Black "Barreira Vesco, Ulises"]
[Result "0-1"]
[WhiteElo "1929"]
[BlackElo "1781"]
[PlyCount "77"]
[EventDate "2017.09.22"]
[EventType "swiss"]
[EventRounds "6"]
[EventCountry "ARG"]
[SourceTitle "CBM 180 Extra"]
[Source "ChessBase"]
[SourceDate "2017.10.06"]
[SourceVersion "1"]
[SourceVersionDate "2017.10.06"]
[SourceQuality "1"]

1. e4 c5 2. Nf3 g6 3. d4 Bg7 4. c3 cxd4 5. cxd4 d6 6. Bc4 Nc6 7. Be3 Nf6 8. Nc3 0-0 9. Bb3 Ng4 10. 0-0 Nxe3 11. fxe3 Bh6 12. Qe1 Na5 13. Nd1 Nxb3 14. axb3 Qb6 15. Qh4 Bg7 16. Qxe7 Bg4 17. Ra3 f6 18. h3 Rae8 19. Qxe8 Rxe8 20. hxg4 Rxe4 21. g5 fxg5 22. Nc3 Re8 23. Nxg5 Bh6 24. Nd5 Qb5 25. Nf6+ Kg7 26. Nxe8+ Qxe8 27. Nf3 Bxe3+ 28. Kh1 Qb5 29. Raa1 Qh5+ 30. Nh2 Bxd4 31. Rf3 Be5 32. g3 Qg5 33. Rxa7 Qc1+ 34. Kg2 Qxb2+ 35. Kh3 h5 36. Rxb7+ Kh6 37. Nf1 g5 38. Rf5 g4+ 39. Kh4 0-1

[Event "Parana Agmer U2200"]
[Site "Parana"]
[Date "2017.06.11"]
[Round "5.3"]
[White "Kulmichel, Arturo"]
[Black "Barreira Vesco, Ulises"]
[Result "0-1"]
[WhiteElo "1759"]
[BlackElo "1797"]
[PlyCount "57"]
[EventDate "2017.06.09"]
[EventType "swiss"]
[EventRounds "6"]
[EventCountry "ARG"]
[SourceTitle "EXT 2024"]
[Source "ChessBase"]
[SourceDate "2023.10.10"]
[SourceVersion "1"]
[SourceVersionDate "2023.10.10"]
[SourceQuality "1"]

1. e4 e6 2. Nc3 d5 3. exd5 exd5 4. d4 Nf6 5. Nf3 Bg4 6. Be2 Bd6 7. 0-0 0-0 8. Bg5 c6 9. Qd2 Nbd7 10. Rae1 Qc7 11. h3 Bxf3 12. Bxf3 Rae8 13. a3 Qb6 14. b4 Qc7 15. g3 h6 16. Be3 Nb6 17. Kg2 Nc4 18. Qc1 b5 19. Re2 Re7 20. h4 Rfe8 21. Rfe1 a5 22. Na2 Re6 23. g4 Nxe3+ 24. fxe3 Ne4 25. Kh3 axb4 26. axb4 Rf6 27. Bxe4 Rxe4 28. Rf1 Qd7 29. Rg2 0-1

[Event "Santa Fe sf U1700/2000"]
[Site "Santa Fe"]
[Date "2017.03.26"]
[Round "5.3"]
[White "Barreira Vesco, Ulises"]
[Black "Abdenur, Luciano"]
[Result "0-1"]
[WhiteElo "1764"]
[BlackElo "1895"]
[PlyCount "50"]
[EventDate "2017.03.24"]
[EventType "swiss"]
[EventRounds "6"]
[EventCountry "ARG"]
[SourceTitle "EXT 2024"]
[Source "ChessBase"]
[SourceDate "2023.10.10"]
[SourceVersion "1"]
[SourceVersionDate "2023.10.10"]
[SourceQuality "1"]

1. e4 e5 2. Nf3 Nc6 3. Bb5 f5 4. Bxc6 dxc6 5. 0-0 fxe4 6. Nxe5 Qd4 7. Ng4 h5 8. Ne3 Nf6 9. h3 Be6 10. d3 exd3 11. cxd3 0-0-0 12. Nc3 Qxd3 13. Qf3 Qg6 14. a4 Rd4 15. a5 a6 16. Ne2 Rh4 17. Nf4 Rxf4 18. Qxf4 Bd6 19. Qf3 Nh7 20. g4 Ng5 21. Qg2 hxg4 22. f4 Nxh3+ 23. Kh1 Nxf4+ 24. Qh2 Rxh2+ 25. Kxh2 Nh3+ 0-1

[Event "Santa Fe sf U1700/2000"]
[Site "Santa Fe"]
[Date "2017.03.25"]
[Round "3.10"]
[White "Barreira Vesco, Ulises"]
[Black "Alzugaray, Julian"]
[Result "1-0"]
[WhiteElo "1764"]
[BlackElo "1493"]
[PlyCount "57"]
[EventDate "2017.03.24"]
[EventType "swiss"]
[EventRounds "6"]
[EventCountry "ARG"]
[SourceTitle "EXT 2024"]
[Source "ChessBase"]
[SourceDate "2023.10.10"]
[SourceVersion "1"]
[SourceVersionDate "2023.10.10"]
[SourceQuality "1"]

1. e4 e6 2. d4 d5 3. exd5 exd5 4. Nf3 Nf6 5. Bg5 Be7 6. Bd3 Nbd7 7. Nbd2 h6 8. Bh4 0-0 9. c3 b6 10. 0-0 Bb7 11. Re1 Re8 12. Qc2 c5 13. Ne5 cxd4 14. cxd4 Nxe5 15. dxe5 Nd7 16. Bg3 Bc5 17. Nf3 Nf8 18. Bb5 Re6 19. Rad1 Rc8 20. Qf5 Ng6 21. a3 Ne7 22. Qh5 a5 23. Bh4 Qf8 24. Bd7 g6 25. Qg4 h5 26. Qh3 Nf5 27. Bf6 Rc7 28. Bxe6 fxe6 29. Ng5 1-0

[Event "Tack Memorial U2200"]
[Site "Gualeguaychu"]
[Date "2017.03.12"]
[Round "5.8"]
[White "Rubattino, Jorge"]
[Black "Barreira Vesco, Ulises"]
[Result "1-0"]
[WhiteElo "1841"]
[BlackElo "1764"]
[PlyCount "70"]
[EventDate "2017.03.11"]
[EventType "swiss"]
[EventRounds "5"]
[EventCountry "ARG"]
[SourceTitle "EXT 2024"]
[Source "ChessBase"]
[SourceDate "2023.10.10"]
[SourceVersion "1"]
[SourceVersionDate "2023.10.10"]
[SourceQuality "1"]

1. e4 e5 2. Nf3 Nc6 3. d4 exd4 4. Nxd4 Be7 5. Nc3 d6 6. Be3 Nf6 7. Be2 Ne5 8. h3 Bd7 9. Qd2 c5 10. Ndb5 Bc6 11. 0-0-0 0-0 12. f4 Ned7 13. Nxd6 Bxd6 14. Qxd6 Qa5 15. e5 Ne8 16. Qe7 Qc7 17. Bg4 f5 18. Qe6+ Kh8 19. Bxf5 g6 20. Bg4 Rd8 21. Qe7 Rg8 22. e6 Rg7 23. Qh4 Ndf6 24. Rxd8 Qxd8 25. Bxc5 Bxg2 26. Rd1 Qc7 27. Be3 Ne4 28. Nd5 Qa5 29. Kb1 N4d6 30. Nc3 Rc7 31. Bd4+ Kg8 32. Be5 Rc6 33. Qe7 Rc7 34. Qd8 Bc6 35. Bxd6 h5 1-0